MARC

LEADER 00000nam0a2200000 4500
001 297520
005 20231102001021.0
035 |a (RuTPU)RU\TPU\book\322653 
090 |a 297520 
100 |a 20150609d1961 m y0rusy50 ca 
101 0 |a rus 
102 |a RU 
105 |a a j 001zy 
200 1 |a Тепловая часть электрических станций. (Теплоэнергетические установки)  |e учебник для вузов  |f С. Я. Белинский, В. А. Ведяев  |g под ред. Л. И. Карцелли 
210 |a Москва  |a Ленинград  |c Госэнергоиздат  |d 1961 
215 |a 304 с.  |c ил. 
320 |a Библиогр.: с. 304. 
606 1 |a Тепловые электрические станции  |x Теплосиловое оборудование  |x Тепловые циклы  |2 stltpush  |3 (RuTPU)RU\TPU\subj\59688  |9 77189 
610 1 |a электрические станции 
610 1 |a теплоэнергетические установки 
610 1 |a тепловая часть 
610 1 |a энергетическое топливо 
610 1 |a топочные устройства 
610 1 |a пылеприготовительные установки 
610 1 |a котельные агрегаты 
610 1 |a паровые турбины 
610 1 |a конструкции 
610 1 |a вспомогательное оборудование 
610 1 |a нагрузки 
610 1 |a энергетические характеристики 
610 1 |a эксплуатационная характеристика 
610 1 |a учебники 
675 |a 621.311.22.002.5:621.1(075.8)  |v 3 
700 1 |a Белинский  |b С. Я.  |g Семен Яковлевич 
701 1 |a Ведяев  |b В. А.  |g Владимир Андреевич 
702 1 |a Карцелли  |b Л. И.  |4 340 
801 1 |a RU  |b 63413507  |c 20150609 
801 2 |a RU  |b 63413507  |c 20200914  |g RCR 
942 |c BK